Petit Bac (Géographie) - Lettre G - Statistiques

Statistiques générales
  • Ce quiz a été pris 1 291 fois
    1 198 depuis la dernière actualisation
  • Le résultat moyen est 7 sur 12
Statistiques - réponses
Thèmes Mots commençant par G % Correct
Pays d'Afrique Gabon / Gambie / Ghana / Guinée +2
99%
Département français Gard / Gers / Gironde / Guyane / Guadeloupe
88%
Pays d'Europe Grèce
76%
Région française Grand Est / Guadeloupe / Guyane
68%
Ville espagnole de plus de 50 000 habitants Grenade / Guadalajara / Gijón / Getxo / Getafe +4
64%
Ville européenne de plus de 100 000 habitants Grenoble / Grenade / Gdańsk / Göteborg +14
60%
Capitale Gaborone / Georgetown / Gitega / Guatemala
57%
Préfecture Gap / Grenoble / Guéret
51%
Ville du Royaume Uni de plus de 50 000 habitants Glasgow / Gillingham / Gateshead / Gosport +7
48%
Pays insulaire Grenade
46%
Province Suisse Genève / Glaris / Grisons
40%
Ville chinoise de plus d'un million d'habitants Guangzhou / Guiyang / Guilin / Ganzhou
23%
Aucun quiz correspondant
Distribution des résultats
% des personnes avec chaque résultat
Percentile par nombre de réponses
Votre historique - résultats
Vous n’avez pas pris ce quiz depuis la dernière actualisation